AMERICA LATINA: DESVENTURAS DE LA DEMOCRACIA/

Guardat en:
Dades bibliogràfiques
Altres autors: Krauze, Enrique (autor) (autor)
Format: Llibre
Matèries:
Etiquetes: Afegir etiqueta
Sense etiquetes, Sigues el primer a etiquetar aquest registre!

MARC

LEADER 00000nam^a2200000^a^4500
001 000224753
005 20250521000000.0
009 20260310104102.088
020 |a 968-27-0476-6 
035 |a 006838 
037 |a Acervo Xavier Clavigero 
082 |a 321. 8  |b AME 
245 1 0 |a AMERICA LATINA:  |b DESVENTURAS DE LA DEMOCRACIA/  |c ENRIQUE KRAUZE ...[ ET. AL.] 
264 |a México :  |b Joaquín Mortiz,  |c 1984 
300 |a 348p. 2ej. 
336 |a texto  |b txt  |2 rdacontenido 
337 |a sin mediación  |b n  |2 rdamedio 
338 |a volumen  |b nc  |2 rdasoporte 
649 |a XX 
650 |a Democracia 
650 |a Iberoamérica -  |x Condiciones Sociales y Culturales 
700 |a Krauze, Enrique  |e (autor) 
910 |a Fondo General 
920 |a Impresos - Libros 
930 |a Colección General 
905 |a 101 
901 |a 006838  |b IT1  |c ACC  |i 006838  |u 20250521 
901 |a 043816  |b IT1  |c ACC  |i 043816  |u 20250521 
902 |a https://opac.biblio.iteso.mx/vufind/Record/000224753